Ochrana hospodárskej súťaže v slovenskom práve a relevantný trh
Právne vymedzenie pojmov relevantný trh a dominantné postavenie. Tri znaky relevantného trhu. Geografický relevantný trh, časovo relevantný a výrobkovo relevantný trh. Kumulatívnosť zákonných kritérií. Rozhodnutia Protimonopolného úradu v niektorých prípadoch z praxe.
Salvato in:
| Autore principale: | |
|---|---|
| Natura: | Capitolo di libro |
| Lingua: | slovacco |
| Soggetti: | |
| Tags: |
Nessun Tag, puoi essere il primo ad aggiungerne!!
|
MARC
| LEADER | 00000naa a2200000 4500 | ||
|---|---|---|---|
| 001 | r039445 | ||
| 005 | 20230919115259.6 | ||
| 041 | 0 | |a slo | |
| 044 | |a SK | ||
| 245 | 1 | 0 | |a Ochrana hospodárskej súťaže v slovenskom práve a relevantný trh |c Ján Drgonec |
| 520 | |a Právne vymedzenie pojmov relevantný trh a dominantné postavenie. Tri znaky relevantného trhu. Geografický relevantný trh, časovo relevantný a výrobkovo relevantný trh. Kumulatívnosť zákonných kritérií. Rozhodnutia Protimonopolného úradu v niektorých prípadoch z praxe. | ||
| 610 | 2 | 0 | |a koncentrácia |
| 610 | 2 | 0 | |a konkurencia |
| 610 | 2 | 0 | |a regulácia |
| 610 | 2 | 0 | |a monopoly |
| 610 | 2 | 0 | |a trh relevantný |
| 610 | 2 | 0 | |a trh |
| 610 | 2 | 0 | |a ochrana trhu |
| 610 | 2 | 0 | |a Slovensko |
| 610 | 2 | 0 | |a zákony |
| 100 | 1 | |a Drgonec, Ján | |